000 01416cam a22003977a 4500
003 CHAP
005 20220329143053.0
008 051130d2004 mx a r 00110 spa d
010 _a91484
011 _a92456
020 _a968558063.4
035 _a103020
040 _cCHAP
082 0 4 _a635.977
_bT4
100 0 0 _aTerrones Rincón, Rosario.
_9112438
245 1 0 _aArbustivas nativas de uso múltiple en Guanajuato
_c/por T. del Rosario L. Terrones Rincón, Cristina González Sánchez y Santa Ana Ríos Ruiz
260 _aCelaya, Gto. :
_bINIFAP. Campo Experimental Bajío,
_c2004
300 _a213 p. :
_bgráfs. ; mapas ; cuadros
490 0 _aLibro técnico
_v; No. 2
590 _aBATCH-UPD
_b10
_c20130110
_lUCH01
_h0056
590 _aBATCH-UPD
_b10
_c20130110
_lUCH01
_h0803
590 _aBATCH-UPD
_b10
_c20130409
_lUCH01
_h2044
590 _aBATCH-UPD
_b10
_c20130410
_lUCH01
_h0441
590 _aBATCH-UPD
_b10
_c20130914
_lUCH01
_h1548
590 _aCONVERSION
_b10
_c20130109
_lUCH01
_h1351
650 1 4 _aArbustos.
_96713
650 1 4 _aArbustos
_xPropagacion.
_96740
650 1 4 _aArbustos
_zGuanajuato.
_96750
700 0 _aGonzález Sánchez, Cristina.
_949418
700 0 _aRíos Ruiz, Santa Ana.
_999240
830 0 _aLibro técnico
_v; No. 2
_966654
901 _aBK
905 _aMarco A. Mendoza T.
942 _cLIBRO
949 _a635.977 T4
_bBC
_cLIBRO
_d33724000967493
_eLIBRO
_h107562
_i103020
_si
999 _c91484
_d91484